[Event "Grand Pacific op"]
[Site "Victoria CAN"]
[Date "2008.03.23"]
[Round "5.17"]
[White "Churchill, Sam"]
[Black "Ozkan, Charlie"]
[Result "1/2-1/2"]
[WhiteElo "1672"]
[BlackElo "1950"]
[PlyCount "78"]
[GameId "2160767910413001"]
[EventDate "2008.03.21"]
[EventType "swiss"]
[EventRounds "6"]
[EventCountry "CAN"]

1. e4 c5 2. b3 Nc6 3. Bb2 Qc7 4. Bb5 e6 5. Nc3 Nf6 6. Nge2 a6 7. Bxc6 Qxc6 8. d3 Be7 9. O-O O-O 10. Qe1 d5 11. Ng3 d4 12. Nce2 b5 13. Bc1 Nd7 14. Kh1 Bb7 15. Nf4 Bd6 16. f3 Qc7 17. Nfe2 f5 18. f4 Rac8 19. e5 Be7 20. Ng1 Nb6 21. Bd2 Nd5 22. Nf3 b4 23. Qf2 a5 24. a4 Qd8 25. Ne2 Rb8 26. h4 Ne3 27. Bxe3 dxe3 28. Qxe3 Bxh4 29. Kg1 Be7 30. Kf2 Qc7 31. Rh1 Rf7 32. Rh2 Rd8 33. Rah1 g6 34. Ke1 Qd7 35. Kd2 c4 36. bxc4 Qxa4 37. Ng5 Bxg5 38. fxg5 Qd7 39. Nf4 Re7 1/2-1/2

[Event "Grand Pacific op"]
[Site "Victoria CAN"]
[Date "2008.03.23"]
[Round "5.18"]
[White "Monahan, Darby"]
[Black "Tate, William"]
[Result "0-1"]
[WhiteElo "1770"]
[BlackElo "1835"]
[PlyCount "39"]
[GameId "2160767910413002"]
[EventDate "2008.03.21"]
[EventType "swiss"]
[EventRounds "6"]
[EventCountry "CAN"]

1. e4 Nf6 2. e5 Nd5 3. d4 d6 4. f4 dxe5 5. fxe5 g6 6. Nf3 Bg7 7. Be2 c5 8. c4 Nb6 9. d5 O-O 10. Nc3 Bg4 11. Be3 Na6 12. e6 Bxf3 13. gxf3 Qc7 14. Qd2 fxe6 15. dxe6 Qe5 16. f4 Qxe6 17. Bf3 Rad8 18. Qf2 Bxc3+ 19. bxc3 Nxc4 20. f5 0-1

[Event "Grand Pacific op"]
[Site "Victoria CAN"]
[Date "2008.03.23"]
[Round "5.21"]
[White "Sohal, Tanraj"]
[Black "Stewart, Deron"]
[Result "1-0"]
[WhiteElo "1825"]
[BlackElo "1523"]
[PlyCount "75"]
[GameId "2160767910413003"]
[EventDate "2008.03.21"]
[EventType "swiss"]
[EventRounds "6"]
[EventCountry "CAN"]

1. d4 Nf6 2. c4 c5 3. d5 b5 4. cxb5 a6 5. e3 d6 6. Nc3 Nbd7 7. Nf3 g6 8. Be2 Bg7 9. O-O O-O 10. a4 axb5 11. Bxb5 Ba6 12. Bxa6 Rxa6 13. Qe2 Qa8 14. e4 Ng4 15. Qc2 Nb6 16. h3 Ne5 17. Nd2 e6 18. f4 Ned7 19. dxe6 fxe6 20. Qb3 d5 21. e5 Rb8 22. Qc2 d4 23. Nb5 Nd5 24. Qd3 Rxa4 25. Rxa4 Qxa4 26. Nd6 Ne3 27. Re1 Nb6 28. N2e4 Qb4 29. Bd2 Qxb2 30. Nxc5 Qa2 31. Bxe3 dxe3 32. Qxe3 Nd5 33. Qf3 Qa5 34. Nd3 Rb3 35. Qg4 Qa7+ 36. Kh2 Rxd3 37. Qxe6+ Kf8 38. Qe8# 1-0

[Event "Grand Pacific op"]
[Site "Victoria CAN"]
[Date "2008.03.23"]
[Round "5.22"]
[White "Forman, Ken"]
[Black "Rhodes, Tim"]
[Result "1-0"]
[WhiteElo "1810"]
[BlackElo "1459"]
[PlyCount "32"]
[GameId "2160767910413004"]
[EventDate "2008.03.21"]
[EventType "swiss"]
[EventRounds "6"]
[EventCountry "CAN"]

1. e4 c5 2. Nf3 d6 3. d4 cxd4 4. Nxd4 Nf6 5. Nc3 a6 6. Bc4 e6 7. Bb3 h6 8. f4 Nc6 9. Nxc6 bxc6 10. Be3 Be7 11. Qf3 Bb7 12. g4 e5 13. g5 Nd7 14. O-O-O hxg5 15. fxg5 Rf8 16. h4 Qc7 1-0

[Event "Grand Pacific op"]
[Site "Victoria CAN"]
[Date "2008.03.23"]
[Round "5.22"]
[White "Lam, Karen"]
[Black "Simpson, Christopher"]
[Result "0-1"]
[WhiteElo "921"]
[BlackElo "1111"]
[PlyCount "104"]
[GameId "2160767910413005"]
[EventDate "2008.03.21"]
[EventType "swiss"]
[EventRounds "6"]
[EventCountry "CAN"]

1. e4 c5 2. Nf3 d6 3. Bc4 Bg4 4. h3 Bxf3 5. Qxf3 Nf6 6. d3 g6 7. Bg5 Bg7 8. O-O O-O 9. Bf4 Nc6 10. Nc3 Nd4 11. Qd1 Re8 12. e5 Nh5 13. g3 Nxf4 14. gxf4 e6 15. Nb5 dxe5 16. fxe5 Qg5+ 17. Qg4 Qxe5 18. Rae1 Qf6 19. Re3 Nxc2 20. Rfe1 Nxe3 21. Rxe3 Re7 22. Qe2 Qxb2 23. Qxb2 Bxb2 24. Nd6 b6 25. Re2 Rd8 26. Ne4 Bg7 27. Rd2 Red7 28. a4 Rd4 29. Kf1 Rxc4 30. dxc4 Rxd2 31. Nxd2 Kf8 32. Ke2 Ke7 33. Ne4 f5 34. Ng5 a6 35. Nf3 Kd6 36. Nd2 Kc6 37. Kd3 h6 38. Ke2 b5 39. axb5+ axb5 40. cxb5+ Kxb5 41. Nb3 c4 42. Nd2 h5 43. f3 g5 44. Nf1 g4 45. hxg4 hxg4 46. fxg4 fxg4 47. Kd2 c3+ 48. Kc2 Be5 49. Kb3 g3 50. Ne3 Bd4 51. Nc2 Kc5 52. Nxd4 Kxd4 0-1

[Event "Grand Pacific op"]
[Site "Victoria CAN"]
[Date "2008.03.23"]
[Round "5.23"]
[White "Zhao, Donovan"]
[Black "Raymer, Elliot"]
[Result "1/2-1/2"]
[WhiteElo "1520"]
[BlackElo "1773"]
[PlyCount "76"]
[GameId "2160767910413006"]
[EventDate "2008.03.21"]
[EventType "swiss"]
[EventRounds "6"]
[EventCountry "CAN"]

1. e4 e5 2. Nf3 Nc6 3. Bc4 Nf6 4. d3 Bc5 5. Be3 Bb6 6. Nc3 d6 7. Qd2 Nd4 8. h3 h6 9. Bxd4 exd4 10. Ne2 c5 11. c3 dxc3 12. bxc3 Be6 13. Bb5+ Nd7 14. O-O O-O 15. d4 Nf6 16. Ng3 d5 17. e5 Ne4 18. Qd3 Ba5 19. c4 Nxg3 20. fxg3 dxc4 21. Bxc4 Bxc4 22. Qxc4 cxd4 23. Nxd4 Rc8 24. Qa4 Bb6 25. Rad1 Qd5 26. Kh2 Rc4 27. Nf3 Rxa4 28. Rxd5 Rxa2 29. Rd7 Rb8 30. Nd4 Rd2 31. Rfxf7 Rxd4 32. Rxg7+ Kf8 33. Rgf7+ Ke8 34. Rfe7+ Kf8 35. Rf7+ Kg8 36. Rg7+ Kf8 37. Rgf7+ Ke8 38. Rfe7+ Kf8 1/2-1/2

[Event "Grand Pacific op"]
[Site "Victoria CAN"]
[Date "2008.03.23"]
[Round "5.24"]
[White "Lee, Daniel"]
[Black "Tom, Foster"]
[Result "0-1"]
[WhiteElo "1017"]
[BlackElo "1700"]
[PlyCount "125"]
[GameId "2160767910413007"]
[EventDate "2008.03.21"]
[EventType "swiss"]
[EventRounds "6"]
[EventCountry "CAN"]

1. e4 e6 2. Nf3 d5 3. exd5 exd5 4. d4 Nf6 5. Nc3 Be7 6. Be2 O-O 7. O-O c6 8. a3 Bf5 9. Bd3 Bg6 10. Bxg6 fxg6 11. b4 a6 12. Re1 Nbd7 13. Bg5 Nb6 14. Qd3 Qc7 15. Bxf6 Bxf6 16. Ne2 Nc4 17. c3 Kh8 18. Qd1 Rf7 19. Qc1 Raf8 20. Nf4 Qd7 21. Ne6 Re8 22. Nc5 Qc8 23. Rxe8+ Qxe8 24. a4 Nd6 25. Nd3 Qe2 26. Qd1 Qxd1+ 27. Rxd1 Ne4 28. Re1 Re7 29. b5 Nxc3 30. bxc6 Rxe1+ 31. Nfxe1 bxc6 32. a5 Bd8 33. Ne5 Bxa5 34. Nxc6 Ne2+ 35. Kf1 Bxe1 36. Kxe2 Bc3 37. Kd3 Bb2 38. g4 Ba3 39. Kc3 Bd6 40. h4 Kg8 41. Kb3 Kf7 42. Ka4 Ke6 43. Ka5 h5 44. gxh5 gxh5 45. Kxa6 Bh2 46. Nd8+ Kd7 47. Nf7 Bg1 48. Ne5+ Ke6 49. Nd3 Kf5 50. Kb6 g6 51. Kc6 Ke4 52. Nc5+ Kxd4 53. Ne6+ Ke4 54. Ng5+ Kf5 55. Nh3 Bh2 56. f3 d4 57. Kc5 d3 58. Nf2 Bg1 59. Kc4 Bxf2 60. Kxd3 Kf4 61. Ke2 Bxh4 62. Kd3 Bg3 63. Ke2 0-1

[Event "Grand Pacific op"]
[Site "Victoria CAN"]
[Date "2008.03.23"]
[Round "5.25"]
[White "Boyle, Phillip"]
[Black "Jung-Doknjas, Victoria"]
[Result "1/2-1/2"]
[WhiteElo "1696"]
[BlackElo "1450"]
[PlyCount "39"]
[GameId "2160767910413008"]
[EventDate "2008.03.21"]
[EventType "swiss"]
[EventRounds "6"]
[EventCountry "CAN"]

1. d4 d5 2. c4 c6 3. Nf3 Nf6 4. Nc3 Bg4 5. Ne5 Nbd7 6. Nxg4 Nxg4 7. cxd5 cxd5 8. Nxd5 Qa5+ 9. Nc3 e6 10. Bd2 Qb4 11. e3 Ngf6 12. Nb5 Qxb2 13. Rb1 Qxa2 14. Nc7+ Kd8 15. Nxa8 Ne4 16. Rxb7 Nxd2 17. Qxd2 Qa1+ 18. Qd1 Qa5+ 19. Qd2 Qa1+ 20. Qd1 1/2-1/2

[Event "Grand Pacific op"]
[Site "Victoria CAN"]
[Date "2008.03.23"]
[Round "5.26"]
[White "Herringer, Moise"]
[Black "Pitre, Hanniegn"]
[Result "0-1"]
[WhiteElo "1557"]
[BlackElo "2041"]
[PlyCount "84"]
[GameId "2160767910413009"]
[EventDate "2008.03.21"]
[EventType "swiss"]
[EventRounds "6"]
[EventCountry "CAN"]

1. Nf3 Nf6 2. e3 g6 3. d4 Bg7 4. b3 O-O 5. Bb2 d5 6. c4 c6 7. Be2 Bf5 8. O-O Qc8 9. Nbd2 Bg4 10. Ne5 Bxe2 11. Qxe2 Nbd7 12. Rac1 e6 13. Nxd7 Qxd7 14. Rfd1 Rfe8 15. Nf3 Qe7 16. h3 Ne4 17. Nd2 f5 18. Nxe4 fxe4 19. c5 Rf8 20. b4 Rf5 21. a4 Raf8 22. Rf1 Rf3 23. Kh2 Qh4 24. g3 Qf6 25. Kg2 Bh6 26. b5 Qd8 27. Bc3 Qc7 28. Rb1 Bxe3 29. Be1 Bxd4 30. b6 axb6 31. cxb6 Bxb6 32. Qb2 Ba5 33. Bxa5 Qxa5 34. Qe5 Qa7 35. Qxe6+ R8f7 36. Qe8+ Kg7 37. Qe5+ Kh6 38. Rb2 e3 39. g4 exf2 40. Rb4 Qe3 41. Qb8 Rxh3 42. g5+ Kh5 0-1

[Event "Grand Pacific op"]
[Site "Victoria CAN"]
[Date "2008.03.23"]
[Round "5.27"]
[White "Doknjas, John"]
[Black "Neufahrt, Gerhard"]
[Result "1-0"]
[WhiteElo "1406"]
[BlackElo "2012"]
[PlyCount "63"]
[GameId "2160767910413010"]
[EventDate "2008.03.21"]
[EventType "swiss"]
[EventRounds "6"]
[EventCountry "CAN"]

1. d4 c6 2. c4 g6 3. Nc3 d5 4. cxd5 cxd5 5. Nf3 Bg7 6. Bf4 Nc6 7. e3 a6 8. a3 Nf6 9. Bd3 Nh5 10. Bg3 Nxg3 11. hxg3 Bg4 12. Qb3 e6 13. Qxb7 Na5 14. Qb4 f6 15. Qa4+ Kf7 16. Nd2 Rb8 17. b4 Nc4 18. Qb3 Qc7 19. Na4 Rhc8 20. Nc5 Qc6 21. Rxh7 e5 22. Nxc4 exd4 23. Na5 Qd6 24. Be4 Rd8 25. Nab7 Qe5 26. Nxd8+ Rxd8 27. f4 Qe7 28. Bxd5+ Kf8 29. Be6 d3 30. Bxg4 Qxe3+ 31. Kf1 Qxg3 32. Ne6+ 1-0

[Event "Grand Pacific op"]
[Site "Victoria CAN"]
[Date "2008.03.23"]
[Round "5.27"]
[White "Torres-Lopez, Alejandro"]
[Black "Enns, Edward"]
[Result "1-0"]
[WhiteElo "1133"]
[BlackElo "1248"]
[PlyCount "45"]
[GameId "2160767910413011"]
[EventDate "2008.03.21"]
[EventType "swiss"]
[EventRounds "6"]
[EventCountry "CAN"]

1. e4 c5 2. Nf3 Nc6 3. Bb5 a6 4. Bxc6 dxc6 5. d3 Bg4 6. Be3 b6 7. h3 Bd7 8. O-O g6 9. Nc3 Bg7 10. d4 cxd4 11. Bxd4 Bxd4 12. Qxd4 f6 13. e5 Bf5 14. Qxd8+ Rxd8 15. Rac1 fxe5 16. Nxe5 Bd7 17. Na4 b5 18. Nc5 Nf6 19. Nxa6 O-O 20. Nxd7 Nxd7 21. Nb4 Ne5 22. Rfe1 Rf5 23. Nxc6 1-0

[Event "Grand Pacific op"]
[Site "Victoria CAN"]
[Date "2008.03.23"]
[Round "5.28"]
[White "Escandor, Manuel Omana"]
[Black "Parker, Dylan"]
[Result "1-0"]
[WhiteElo "1809"]
[BlackElo "1440"]
[PlyCount "97"]
[GameId "2160767910413012"]
[EventDate "2008.03.21"]
[EventType "swiss"]
[EventRounds "6"]
[EventCountry "CAN"]

1. e4 e5 2. Nf3 Nc6 3. Bc4 Bc5 4. O-O Nf6 5. Nc3 d6 6. b3 Bg4 7. h3 Bh5 8. Be2 Bg6 9. d3 Nd4 10. Nxd4 Bxd4 11. Bb2 Qd7 12. Rb1 c6 13. Kh1 h5 14. Qd2 h4 15. Nd1 Bxb2 16. Rxb2 Bh5 17. f3 O-O-O 18. c4 Rdg8 19. Ne3 g5 20. Ng4 Bxg4 21. fxg4 Ne8 22. Qa5 b6 23. Qc3 f6 24. Bd1 Rf8 25. b4 Nc7 26. a4 a6 27. Rbf2 Rh6 28. d4 Ne6 29. d5 cxd5 30. cxd5+ Qc7 31. Qd3 Nf4 32. Qxa6+ Qb7 33. Rc2+ Kb8 34. Qb5 Rhh8 35. Rc6 Ka7 36. Bb3 Rd8 37. Rfc1 Rc8 38. Bc4 Rxc6 39. dxc6 Qc7 40. Qa6+ Kb8 41. Bb5 Ne6 42. a5 bxa5 43. bxa5 Nc5 44. Qb6+ Qxb6 45. axb6 Nxe4 46. Ra1 Nc5 47. Ra7 Re8 48. c7+ Kc8 49. Ra8+ 1-0

[Event "Grand Pacific op"]
[Site "Victoria CAN"]
[Date "2008.03.23"]
[Round "5.31"]
[White "Hui, Jeremy"]
[Black "Lo, Ryan"]
[Result "1-0"]
[WhiteElo "1318"]
[BlackElo "984"]
[PlyCount "109"]
[GameId "2160767910413013"]
[EventDate "2008.03.21"]
[EventType "swiss"]
[EventRounds "6"]
[EventCountry "CAN"]

1. e4 e5 2. Bc4 Bc5 3. Nf3 Nc6 4. O-O d6 5. h3 Bd7 6. c3 Bb6 7. d3 f6 8. Be3 h5 9. Bxb6 cxb6 10. Nh4 g5 11. Ng6 Rh6 12. Bxg8 Rxg6 13. Qxh5 Ke7 14. Qxg6 Qxg8 15. Qxg8 Rxg8 16. Nd2 f5 17. f3 Ke6 18. Nb3 d5 19. Rae1 dxe4 20. fxe4 fxe4 21. Rxe4 Na5 22. Nxa5 bxa5 23. d4 Bc6 24. Rxe5+ Kd7 25. b3 g4 26. d5 Bb5 27. c4 Ba6 28. Kh2 gxh3 29. Kxh3 Rh8+ 30. Kg4 b6 31. Rf7+ Kd6 32. Re6+ Kc5 33. Rxa7 Bc8 34. Kf5 Bxe6+ 35. Kxe6 Rh2 36. d6 Rh6+ 37. Ke5 Rxd6 38. Rc7+ Rc6 39. Rxc6+ Kxc6 40. Ke6 b5 41. cxb5+ Kxb5 42. g4 Kb4 43. g5 Ka3 44. g6 Kxa2 45. g7 Kxb3 46. g8=Q a4 47. Ke5+ Kb2 48. Qg2+ Kb3 49. Qf3+ Kb2 50. Qe2+ Kb3 51. Qd1+ Kb4 52. Qa1 Kb3 53. Kd5 a3 54. Kc5 a2 55. Kd5 1-0

[Event "Grand Pacific op"]
[Site "Victoria CAN"]
[Date "2008.03.23"]
[Round "5.32"]
[White "Martin, Nathan"]
[Black "Datcu-Romano, Alex"]
[Result "1-0"]
[WhiteElo "1310"]
[BlackElo "1815"]
[PlyCount "147"]
[GameId "2160767910413014"]
[EventDate "2008.03.21"]
[EventType "swiss"]
[EventRounds "6"]
[EventCountry "CAN"]

1. c4 e5 2. d3 d6 3. e4 Nf6 4. Nf3 Be7 5. Be2 Nc6 6. Be3 O-O 7. O-O Be6 8. Nc3 Qd7 9. Nd5 Rad8 10. Nxe7+ Nxe7 11. Ng5 b6 12. Nxe6 fxe6 13. b4 c5 14. b5 d5 15. f3 dxc4 16. dxc4 Qd6 17. Qxd6 Rxd6 18. Rad1 Rfd8 19. Rxd6 Rxd6 20. Rd1 Rxd1+ 21. Bxd1 h5 22. h4 Ng6 23. g3 Ne7 24. Bg5 Kh7 25. Kf2 Neg8 26. Bc2 g6 27. Bd2 Kg7 28. a4 Nd7 29. Bc3 Nh6 30. Bd1 Nf7 31. f4 Kh7 32. f5 exf5 33. exf5 gxf5 34. Bxh5 Nd6 35. Be2 Ne4+ 36. Ke3 Nxc3 37. Bd3 Nd1+ 38. Kd2 e4 39. Bc2 Nb2 40. Kc3 e3 41. Bxf5+ Kg7 42. Bxd7 e2 43. Kd2 Nxc4+ 44. Kxe2 Ne5 45. Bc6 Kf6 46. Ke3 c4 47. Kd4 Ke6 48. Bd5+ Kd6 49. Bxc4 Nxc4 50. Kxc4 a5 51. g4 Ke6 52. h5 Kf6 53. Kd5 Kg5 54. Kc6 Kh6 55. Kxb6 Kg7 56. g5 Kf7 57. Kxa5 Ke8 58. h6 Kf8 59. b6 Kg8 60. g6 Kf8 61. b7 Ke7 62. b8=Q Kf6 63. Qb6+ Ke5 64. Kb4 Ke4 65. Qc5 Kf4 66. Kc4 Ke4 67. Qd5+ Kf4 68. Kd4 Kg4 69. Ke4 Kg3 70. Qf5 Kg2 71. Ke3 Kg3 72. Qg5+ Kh2 73. Kf2 Kh3 74. Qg3# 1-0

[Event "Grand Pacific op"]
[Site "Victoria CAN"]
[Date "2008.03.23"]
[Round "5.33"]
[White "Wong, Justin"]
[Black "Karavai, Algerd"]
[Result "1-0"]
[WhiteElo "1080"]
[BlackElo "1190"]
[PlyCount "105"]
[GameId "2160767910413015"]
[EventDate "2008.03.21"]
[EventType "swiss"]
[EventRounds "6"]
[EventCountry "CAN"]

1. e4 e5 2. Nf3 Nc6 3. Bb5 Nf6 4. Bxc6 bxc6 5. Nxe5 Qe7 6. d4 Nxe4 7. Qf3 Nf6 8. O-O Qd8 9. Re1 Be7 10. Nxc6 dxc6 11. Qxc6+ Bd7 12. Qc5 h6 13. Bf4 c6 14. Bc7 O-O 15. Bxd8 Bxc5 16. Bxf6 gxf6 17. dxc5 Kh8 18. Nc3 Rg8 19. Re7 Bh3 20. g3 Raf8 21. Ne4 Re8 22. Rxe8 Rxe8 23. Nxf6 Re2 24. Rc1 Bf5 25. Kf1 Re6 26. Nh5 a5 27. Nf4 Re5 28. Nd3 Re8 29. b3 Bg4 30. f4 Re2 31. Ne5 Bh5 32. g4 Bxg4 33. Nxg4 Re6 34. Re1 Rxe1+ 35. Kxe1 Kg7 36. Ne5 f6 37. Nxc6 Kf7 38. Nxa5 Ke7 39. c6 Kd8 40. Ke2 Kc8 41. Kd3 Kc7 42. b4 f5 43. Kd4 h5 44. Kc5 h4 45. b5 h3 46. b6+ Kc8 47. c7 Kd7 48. Nc4 Kc8 49. Kd5 Kb7 50. Ke6 Kc8 51. Kxf5 Kd7 52. Kg6 Kc8 53. f5 1-0

[Event "Grand Pacific op"]
[Site "Victoria CAN"]
[Date "2008.03.23"]
[Round "5.34"]
[White "Evans, David"]
[Black "Herringer, Greg"]
[Result "1-0"]
[WhiteElo "1165"]
[BlackElo "1155"]
[PlyCount "112"]
[GameId "2160767910413016"]
[EventDate "2008.03.21"]
[EventType "swiss"]
[EventRounds "6"]
[EventCountry "CAN"]

1. e4 Nc6 2. Bb5 e6 3. Bxc6 bxc6 4. Nf3 d6 5. b3 c5 6. d3 e5 7. Be3 Bb7 8. Nbd2 g6 9. O-O Bg7 10. Rc1 Ne7 11. Bg5 O-O 12. c3 d5 13. Bxe7 Qxe7 14. exd5 Bxd5 15. c4 Bc6 16. Ne4 h6 17. Qd2 f6 18. Qe3 Bxe4 19. Qxe4 Rad8 20. Rcd1 f5 21. Qe2 e4 22. Nd2 Rxd3 23. Nb1 Rxd1 24. Rxd1 Rd8 25. Rxd8+ Qxd8 26. Kf1 Qd4 27. f3 Qa1 28. Qc2 e3 29. Ke2 Qe5 30. g3 Kh7 31. f4 Qe7 32. Qd3 Bd4 33. Nc3 c6 34. Nd1 h5 35. Nxe3 Qe6 36. Kf3 Kh6 37. h3 a5 38. a3 Qf6 39. a4 Bb2 40. g4 Kh7 41. g5 Qc3 42. Qxc3 Bxc3 43. Nd1 Be1 44. Nb2 Kg7 45. Nd3 Bc3 46. Nxc5 Kf7 47. Ke3 Ke7 48. Kd3 Bb4 49. Kd4 Kd6 50. Nd3 Bd2 51. c5+ Ke6 52. Ne5 Bxf4 53. Nxc6 Bd2 54. Ne5 Bxg5 55. Nxg6 Kf7 56. Ne5+ Ke6 1-0

[Event "Grand Pacific op"]
[Site "Victoria CAN"]
[Date "2008.03.23"]
[Round "5.35"]
[White "Wright, Ivo"]
[Black "Ding, Jill"]
[Result "1-0"]
[WhiteElo "1113"]
[BlackElo "943"]
[PlyCount "69"]
[GameId "2160767910413017"]
[EventDate "2008.03.21"]
[EventType "swiss"]
[EventRounds "6"]
[EventCountry "CAN"]

1. d4 Nf6 2. e3 d6 3. Bd3 e5 4. c3 exd4 5. cxd4 d5 6. Nf3 Bg4 7. Nbd2 Bb4 8. O-O Nbd7 9. h3 Bxd2 10. Bxd2 Bh5 11. Re1 O-O 12. e4 Nb6 13. e5 Nfd7 14. Bg5 f6 15. exf6 Nxf6 16. Qc2 g6 17. g4 Bxg4 18. hxg4 Qd7 19. Bxf6 Rxf6 20. Ne5 Qg7 21. Re3 Nd7 22. Rae1 Qf8 23. Nxd7 Rxf2 24. Qxf2 Qxf2+ 25. Kxf2 Kf7 26. g5 Rd8 27. Re7+ Kg8 28. Re8+ Rxe8 29. Rxe8+ Kf7 30. Rh8 Kg7 31. Rf8 h6 32. gxh6+ Kxh6 33. Kg3 Kh5 34. Ne5 g5 35. Rh8# 1-0

[Event "Grand Pacific op"]
[Site "Victoria CAN"]
[Date "2008.03.23"]
[Round "5.37"]
[White "Chiu, Joseph"]
[Black "Tyler, Ron"]
[Result "0-1"]
[WhiteElo "1075"]
[BlackElo "1273"]
[PlyCount "56"]
[GameId "2160767910413018"]
[EventDate "2008.03.21"]
[EventType "swiss"]
[EventRounds "6"]
[EventCountry "CAN"]

1. e4 c5 2. Nc3 Nc6 3. Nf3 d6 4. Bc4 e6 5. d3 a6 6. a4 b6 7. O-O Be7 8. b3 Nf6 9. Bf4 Bb7 10. e5 dxe5 11. Bxe5 Nxe5 12. Nxe5 Qc7 13. f4 Rd8 14. Re1 O-O 15. g4 Rd4 16. Ne2 Rdd8 17. Ng3 Nd7 18. Qe2 Nxe5 19. Qxe5 Qc6 20. Qe4 Qc7 21. Qe5 Bd6 22. Qh5 Bxf4 23. Rxe6 Bxg3 24. Rf1 fxe6 25. Bxe6+ Kh8 26. Rxf8+ Rxf8 27. Qh3 Qf4 28. hxg3 Qf2# 0-1

[Event "Grand Pacific op"]
[Site "Victoria CAN"]
[Date "2008.03.24"]
[Round "6"]
[White "Chan, James"]
[Black "Bragg, David"]
[Result "0-1"]
[WhiteElo "2044"]
[BlackElo "2226"]
[PlyCount "59"]
[GameId "2160767910413019"]
[EventDate "2008.03.21"]
[EventType "swiss"]
[EventRounds "6"]
[EventCountry "CAN"]
[SourceTitle "EXT 2011"]
[Source "ChessBase"]
[SourceDate "2011.11.26"]
[SourceVersion "1"]
[SourceVersionDate "2011.11.26"]
[SourceQuality "1"]

1. e4 c6 2. d4 d5 3. e5 Bf5 4. Nc3 e6 5. g4 Bg6 6. Nge2 Bb4 7. Bg2 c5 8. Be3 Nc6 9. O-O cxd4 10. Bxd4 Nxd4 11. Qxd4 Qa5 12. a3 Be7 13. b4 Qa6 14. Nf4 Rc8 15. Rfc1 Qc4 16. Nce2 Bg5 17. Qe3 Ne7 18. Qg3 Bxc2 19. h4 Bxf4 20. Nxf4 Qb3 21. Qxb3 Bxb3 22. Nd3 b6 23. h5 Kd7 24. Nb2 Nc6 25. f4 Nd4 26. Bf1 Nc2 27. Ba6 Rc7 28. Rab1 Ba2 29. Bd3 Bxb1 30. Rxb1 0-1

[Event "Grand Pacific op"]
[Site "Victoria CAN"]
[Date "2008.03.24"]
[Round "6"]
[White "Davies, Lucas"]
[Black "Cheng, Bindi"]
[Result "0-1"]
[WhiteElo "2230"]
[BlackElo "2352"]
[PlyCount "92"]
[GameId "2160767910413020"]
[EventDate "2008.03.21"]
[EventType "swiss"]
[EventRounds "6"]
[EventCountry "CAN"]
[SourceTitle "EXT 2011"]
[Source "ChessBase"]
[SourceDate "2011.11.26"]
[SourceVersion "1"]
[SourceVersionDate "2011.11.26"]
[SourceQuality "1"]

1. e4 c5 2. Nc3 d6 3. g3 g6 4. Bg2 Bg7 5. d3 Nc6 6. Be3 e5 7. Qd2 Nge7 8. h4 h5 9. Nh3 Nd4 10. f3 Bd7 11. O-O Qc8 12. Kh2 Qd8 13. Rf2 Ng8 14. Nd5 Be6 15. c4 f6 16. b4 b6 17. bxc5 dxc5 18. a4 Nb3 19. Qb2 Nxa1 20. Qxa1 Nh6 21. a5 Nf7 22. axb6 Bxd5 23. cxd5 axb6 24. Qb1 O-O 25. Rb2 Rb8 26. Ng1 f5 27. Nh3 f4 28. gxf4 exf4 29. Bxf4 Ne5 30. Bg5 Qd6 31. f4 Nf7 32. Rf2 Nxg5 33. hxg5 Rxf4 34. Nxf4 Rf8 35. Kg3 Be5 36. Qf1 Bxf4+ 37. Rxf4 Qe5 38. Bh3 Qxg5+ 39. Bg4 h4+ 40. Kh3 Rxf4 41. Be6+ Kh7 42. Qg2 Qf6 43. Qe2 Rf3+ 44. Kg2 Qg5+ 45. Kh1 Qc1+ 46. Kg2 Rg3+ 0-1

[Event "Grand Pacific op"]
[Site "Victoria CAN"]
[Date "2008.03.24"]
[Round "6"]
[White "Day, Lawrence"]
[Black "Leblanc, Paul"]
[Result "1-0"]
[WhiteElo "2265"]
[BlackElo "1955"]
[PlyCount "93"]
[GameId "2160767910413021"]
[EventDate "2008.03.21"]
[EventType "swiss"]
[EventRounds "6"]
[EventCountry "CAN"]
[SourceTitle "EXT 2011"]
[Source "ChessBase"]
[SourceDate "2011.11.26"]
[SourceVersion "1"]
[SourceVersionDate "2011.11.26"]
[SourceQuality "1"]

1. Nf3 d5 2. d3 Nf6 3. h3 c5 4. c3 Nc6 5. Bf4 g6 6. Nbd2 Bg7 7. e4 dxe4 8. dxe4 O-O 9. Be2 a6 10. a4 Nd7 11. Nc4 Nf6 12. Qc2 Be6 13. Rd1 Qe8 14. Nb6 Rd8 15. Be3 Rxd1+ 16. Bxd1 Nd7 17. Nxd7 Bxd7 18. Bxc5 Qc8 19. Nd2 b5 20. axb5 axb5 21. b4 Re8 22. Be2 Ne5 23. f4 Nc6 24. g4 Qc7 25. e5 g5 26. Qe4 gxf4 27. e6 Bxe6 28. Bxb5 Bd7 29. Bd3 Qe5 30. c4 Ra8 31. O-O Qxe4 32. Bxe4 Ra2 33. Nf3 Re2 34. Bd3 Ra2 35. Re1 h5 36. gxh5 Bxh3 37. b5 Nd4 38. Bxd4 Bxd4+ 39. Nxd4 Rg2+ 40. Kh1 Rd2 41. b6 Bg2+ 42. Kg1 Ba8 43. Rxe7 Rxd3 44. Re8+ Kg7 45. Nf5+ Kf6 46. Rxa8 Kxf5 47. b7 1-0

[Event "Grand Pacific op"]
[Site "Victoria CAN"]
[Date "2008.03.24"]
[Round "6"]
[White "Karavai, Algerd"]
[Black "Lo, Ryan"]
[Result "1-0"]
[WhiteElo "1140"]
[BlackElo "984"]
[PlyCount "45"]
[GameId "2160767910413023"]
[EventDate "2008.03.21"]
[EventType "swiss"]
[EventRounds "6"]
[EventCountry "CAN"]
[SourceTitle "EXT 2011"]
[Source "ChessBase"]
[SourceDate "2011.11.26"]
[SourceVersion "1"]
[SourceVersionDate "2011.11.26"]
[SourceQuality "1"]

1. e4 e5 2. Nf3 Nc6 3. Bc4 Nh6 4. d3 Be7 5. Nc3 a6 6. Nd5 O-O 7. Nxe7+ Nxe7 8. Nxe5 d5 9. exd5 Nxd5 10. Qh5 Be6 11. Bxd5 Qxd5 12. Bxh6 Qxg2 13. O-O-O gxh6 14. Rhg1 Qg7 15. Rxg7+ Kxg7 16. Rg1+ Kh8 17. Qxh6 Rg8 18. Rxg8+ Rxg8 19. Nf3 Rg6 20. Qf8+ Rg8 21. Qe7 c6 22. Ng5 f5 23. Qxh7# 1-0

[Event "Grand Pacific op"]
[Site "Victoria CAN"]
[Date "2008.03.24"]
[Round "6"]
[White "Parker, Dylan"]
[Black "Enns, Edward"]
[Result "1-0"]
[WhiteElo "1466"]
[BlackElo "1248"]
[PlyCount "81"]
[GameId "2160767910413024"]
[EventDate "2008.03.21"]
[EventType "swiss"]
[EventRounds "6"]
[EventCountry "CAN"]
[SourceTitle "EXT 2011"]
[Source "ChessBase"]
[SourceDate "2011.11.26"]
[SourceVersion "1"]
[SourceVersionDate "2011.11.26"]
[SourceQuality "1"]

1. e4 e5 2. Nf3 Nc6 3. Nc3 Bb4 4. Bb5 d6 5. O-O Bxc3 6. bxc3 Bd7 7. d4 exd4 8. cxd4 Nce7 9. Bxd7+ Qxd7 10. Rb1 b6 11. Qd3 Qa4 12. Qb3 Qxb3 13. cxb3 Ng6 14. Bb2 N8e7 15. d5 O-O 16. Rbc1 Rac8 17. Rc2 Rfd8 18. Rfc1 Rd7 19. Nd4 Nf4 20. Rc3 f5 21. g3 Nfg6 22. exf5 Nxd5 23. fxg6 Nxc3 24. gxh7+ Kxh7 25. Bxc3 Re8 26. Re1 Rf8 27. Ne6 Rf5 28. g4 Rff7 29. Ng5+ Kg8 30. Nxf7 Rxf7 31. Re8+ Kh7 32. Re6 Kg8 33. g5 Rd7 34. g6 Kf8 35. f4 c5 36. f5 d5 37. Be5 d4 38. Bd6+ Rxd6 39. Rxd6 Ke7 40. Re6+ Kd7 41. h4 1-0